[Event "Albacete op 18th"]
[Site "Albacete"]
[Date "2010.09.14"]
[Round "1"]
[White "Navarro Lopez Menchero, Daniel"]
[Black "Tebar Lujan, Jorge"]
[Result "1-0"]
[WhiteElo "2100"]
[BlackElo "1606"]
[PlyCount "59"]
[EventDate "2010.09.14"]
[EventType "swiss"]
[EventRounds "9"]
[EventCountry "ESP"]
[SourceTitle "CBM 138 Extra"]
[Source "ChessBase"]
[SourceDate "2010.10.29"]
[SourceVersion "1"]
[SourceVersionDate "2010.10.29"]
[SourceQuality "1"]

1. e4 c5 2. Nf3 d6 3. d4 cxd4 4. Nxd4 Nf6 5. Nc3 a6 6. Bc4 e6 7. Bb3 Be7 8. 0-0 b5 9. Qf3 Bb7 10. Bxe6 b4 11. Bd5 Bxd5 12. Nxd5 Nxd5 13. exd5 0-0 14. Qg4 Bf6 15. Nf5 Kh8 16. Qxb4 Be5 17. c3 Qc7 18. f4 Bf6 19. Qxd6 Qxd6 20. Nxd6 Nd7 21. Be3 Be7 22. Nf5 Bf6 23. Bd4 Rfd8 24. Rad1 Rab8 25. b3 Rbc8 26. c4 Bxd4+ 27. Rxd4 Nc5 28. Re1 Rc7 29. Rdd1 Rcd7 30. b4 1-0